Cestu k voľbám dláždil majetok

Podrobná bibliografia
Hlavný autor: Makarová, Soňa (Autor)
Médium: Článok
Jazyk:slovenčina
Fyzický popis:Obr.
ISSN:1335-4566
Predmet:

MARC

LEADER 00000nab a2200000 a 4500
001 vtls009167449
003 SK-MaSNL
005 20260303043923.0
008 071214 20071213xo dr er 000 0 slo
038 |a KEVKJB 
040 |a KEVKJB  |b slo  |c KEVKJB  |e AACR2 
041 0 |a slo 
044 |a xo  |c SK 
080 |a 908(437.672)  |2 2001 
080 |a 324  |2 2001 
100 1 |a Makarová, Soňa  |4 aut  |9 429760 
245 1 0 |a Cestu k voľbám dláždil majetok  |c Soňa Makarová 
300 |b Obr. 
650 0 7 |a voľby  |y 20. stor., začiatok  |z Košice (Slovensko)  |2 kevkjb  |9 1032050 
651 7 |a Košice (Slovensko)  |2 kevkjb  |9 18694 
773 0 |t Košický Korzár  |g Roč. X, č. 286 (13.12.2007), s. 21  |x 1335-4566 
852 |a KEVKJB  |b KIS3GCP 
999 |c 1698709  |d 1700639